Pocket companion to Robbins and Cotran pathologic basis of disease. 7th ed. / (Record no. 11356)

MARC details
000 -LEADER
fixed length control field 00641cam a22002052 4500
001 - CONTROL NUMBER
control field 0000020408
005 - DATE AND TIME OF LATEST TRANSACTION
control field 20151217154440.0
008 - FIXED-LENGTH DATA ELEMENTS--GENERAL INFORMATION
fixed length control field 110916s xx 000 0 eng d
020 ## - INTERNATIONAL STANDARD BOOK NUMBER
International Standard Book Number 8181475350
040 ## - CATALOGING SOURCE
Original cataloging agency KABU
Transcribing agency KABU
245 10 - TITLE STATEMENT
Title Pocket companion to Robbins and Cotran pathologic basis of disease. 7th ed. /
Statement of responsibility, etc. Richard N. Mitchell ...[et al.].
250 ## - EDITION STATEMENT
Edition statement 1st ed.
260 ## - PUBLICATION, DISTRIBUTION, ETC. (IMPRINT)
Place of publication, distribution, etc. New Delhi :
Name of publisher, distributor, etc. Elsevier,
Date of publication, distribution, etc. 2006.
300 ## - PHYSICAL DESCRIPTION
Extent xii, 801 p.
650 #0 - SUBJECT ADDED ENTRY--TOPICAL TERM
Topical term or geographic name as entry element Pathology.
-- 0000178277
700 1# - ADDED ENTRY--PERSONAL NAME
Personal name Mitchell, Richard N.
-- 0000180648
852 1# - LOCATION
-- p1510 KES
908 ## - PUT COMMAND PARAMETER (RLIN)
Put command parameter 110916
950 ## - LOCAL HOLDINGS (RLIN)
-- 1
Holdings
Withdrawn status Lost status Source of classification or shelving scheme Not for loan Home library Current library Date acquired Total Checkouts Total Renewals Full call number Barcode Date last seen Date last checked out Price effective from Koha item type
    Library of Congress Classification   Kabarak, Main Campus Kabarak, Main Campus 17/12/2015 49 8 RB111 .P63 2006 c. 2 21424 21/10/2025 04/10/2025 17/12/2015 General Collection
    Library of Congress Classification   Kabarak, Main Campus Kabarak, Main Campus 17/12/2015 62 5 RB111 .P63 2006 c. 1 21427 18/02/2026 02/02/2026 17/12/2015 General Collection
Designed with assistance from East African Informatics Ltd